Statistics for First Names Of Manchester United Players

Click here to take the quiz!

General Stats

  • This quiz has been taken 814 times
  • The average score is 23 of 34

Answer Stats

#First NamePlayer% Correct
1DavidDe Gea
99%
10WayneRooney
96%
8JuanMata
95%
9AnthonyMartial
94%
4PhilJones
94%
18AshleyYoung
92%
12ChrisSmalling
92%
23LukeShaw
91%
7MemphisDepay
90%
16MichaelCarrick
89%
39MarcusRashford
86%
35JesseLingard
84%
17DaleyBlind
83%
21AnderHerrera
82%
25AntonioValencia
77%
31BastianSchweinsteiger
77%
5MarcosRojo
77%
11AdnanJanuzaj
71%
20SergioRomero
67%
-VictorValdes
67%
28MorganSchneiderlin
63%
36MatteoDarmian
61%
27MarouaneFellaini
58%
38AxelTuanzebe
55%
44AndreasPereira
52%
22NickPowell
50%
33PaddyMcNair
50%
50SamJohnstone
49%
19JamesWilson
44%
42TylerBlackett
41%
43CameronBorthwick-Jackson
34%
-WillKeane
27%
30GuillermoVarela
23%
45SeanGoss
18%

Score Distribution

Percentile by Number Answered

Percent of People with Each Score

Your Score History

You have not taken this quiz